Toonami Shows Through 2004 Quiz Stats

 Plays Quiz not verified by Sporcle

Score 0/46 Timer 10:00
0 Plays Today
Description Program % Correct
Boy with a monkey tail fights in tournamentsDragon Ball
86.9%
Spiky-haired aliens fight evil and collect magical orbsDragon Ball Z
84.1%
Cat-like humanoids fight to protect a mystic sword from mutantsThunderCats
81.3%
The third and final installment of Goku's adventuresDragon Ball GT
72.8%
Rebels invent giant robots to wage a war of independenceMobile Suit Gundam
72.3%
Caped vigilante fights crime in Gotham cityBatman: The Animated Series
72.1%
A samurai in the future attempts to travel back in timeSamurai Jack
72.1%
Scientist accidentally creates crime fighting girlsThe Powerpuff Girls
70.3%
Shapeshifting robots wage war on EarthTransformers: Armada (also Transformers: Energon)
66.4%
Hamsters go on adventures Hamtaro
64.9%
Late-night talk show hosted by a superheroSpace Ghost Coast to Coast
64.1%
Scantily clad soldiers protect the universe from evilSailor Moon
62.8%
Superheroes team up to fight evilSuperfriends (also Justice League)
61.3%
Robot lions combine to create a giant robotVoltron
58.5%
Extraterrestrial baby grows up on Earth with superhuman powersSuperman: The Animated Series
57.2%
Robotic animals battle in tournamentsZoids
54.1%
Teenager is killed and resurrected as an Underworld DetectiveYu Yu Hakusho
53.1%
The adventures of a robot boy with rocket bootsAstro Boy
53.1%
Teenaged superheroes struggle with being youngTeen Titans
52.8%
Giant robots fight an intergalactic alliance in spaceGundam Wing
51.8%
Actor and martial artist searches for talismansJackie Chan Adventures
48.5%
Detective investigates memory loss with the help of a giant robotThe Big O
46.4%
Ten-year-old girl must collect magical cards Cardcaptors
45.6%
Description Program % Correct
Japanese schoolboy deals with a lot of girlsTenchi Muyo!
45.4%
American soldiers protect humanity from terroristsG.I. Joe
45.1%
CGI battles take place inside a computer worldReBoot
44.4%
Teenager picks up where an aging hero left offBatman Beyond
42.8%
Retired assassin wanders Japan Rurouni Kenshin
41.5%
A prince dons a magical sword to protect his fathger's castleHe-Man and the Masters of the Universe
40.5%
Intergalactic war in a galaxy far, far awayStar Wars: Clone Wars
40.3%
Space cowboys inherit a ship and search for treasureOutlaw Star
39%
Giant robots compete in multinational fighting tournamentsG Gundam
38.2%
Robots shapeshift into animalsTransformers: Beast Wars
37.4%
Five samurai stop the lord of the Netherworld from conquering the worldRonin Warriors
35.9%
Giant robot is accidentally sent back in timeMegas XLR
33.3%
Teenagers go on adventures in cyberspaceThe Real Adventures of Jonny Quest
32.1%
Post apocalyptic humanity fights off Angels using giant robotsNeon Genesis Evangelion
29.7%
Naturals and Coordinators wage war with giant robotsMobile Suit Gundam SEED
29.7%
Trading card battles revolve around five civilizationsDuel Masters
28.7%
Boy is trapped in a virtual reality video game.hack//SIGN
23.8%
Pint-sized robots and humans fight the Dark AxisSD Gundam Force
22.8%
Humans use alien technology to fight off invasionRobotech
21.3%
12-year-old boy controls a flying remote control robotGigantor
15.6%
Teenager must find shards of magical stone to save the worldRAVE Master
15.4%
Five teenagers protect Earth from evil aliens and androidsG-Force: Guardians of Space
8.5%
Chef fights off alien invaders and womenMartian Successor Nadesico
6.2%

You're not logged in!

Compare scores with friends on all Sporcle quizzes.
OR
Log In

Show Comments

Extras

Top Quizzes Today


Score Distribution

Your Account Isn't Verified!

In order to create a playlist on Sporcle, you need to verify the email address you used during registration. Go to your Sporcle Settings to finish the process.

Report this User

Report this user for behavior that violates our Community Guidelines.

Details: